MARC

LEADER 00000nam0a2200000 4500
001 70840
005 20231031082040.0
035 |a (RuTPU)RU\TPU\book\75409 
090 |a 70840 
100 |a 20041201d2004 k y0rusy50 ca 
101 0 |a rus 
102 |a RU 
105 |a a z 101zy 
200 1 |a Молодежь и современные информационные технологии  |e сборник трудов II-ой Всероссийской научно-практической конференции студентов, г. Томск, 25-26 февраля 2004 г.  |f Томский политехнический университет; Институт "Кибернетический центр"; под ред. В. И. Гончарова 
210 |a Томск  |c Изд-во ТПУ  |d 2004 
215 |a 282 с.  |c ил. 
320 |a Авторский указатель: с. 281-282 
607 |a Томск 
610 1 |a информационные системы 
610 1 |a информационные технологии 
610 1 |a прикладные математические исследования 
610 1 |a экономика 
610 1 |a технические системы 
610 1 |a управление 
610 1 |a технологические процессы 
610 1 |a автоматизированные системы управления 
610 1 |a программные средства 
610 1 |a системы проектирования 
610 1 |a математическое обеспечение 
610 1 |a программное обеспечение 
610 1 |a конференции 
675 |a 681.3.01(063)  |v 3 
702 1 |a Гончаров  |b В. И.  |c радиотехник, специалист в области информатики и вычислительной техники  |c профессор Томского политехнического университета, доктор технических наук  |f 1937-  |g Валерий Иванович  |2 stltpush  |3 (RuTPU)RU\TPU\pers\21955  |4 340 
712 0 2 |a Томский политехнический университет (ТПУ)  |b Институт "Кибернетический центр"  |2 stltpush  |3 (RuTPU)RU\TPU\col\5906 
712 1 2 |a Молодежь и современные информационные технологии  |b Всероссийская научно-практическая конференция  |e Томск  |f 2004 
801 1 |a RU  |b 63413507  |c 20041201  |g PSBO 
801 2 |a RU  |b 63413507  |c 20160629  |g PSBO 
942 |c BK